000 00376nam a2200145Ia 4500
008 210210b1985 xxu||||| |||| 00| 0 eng d
082 _a330.072 KURG
100 _aKURIEN (C T).
245 _aGuide to research in economics.
260 _aCoimbatore
_bRainbow publications
_c1985
300 _aix,389
650 _aResearch economics
690 _aEconomics
906 _a042762
999 _c92413
_d92413